00875cam a2200253 a 4500999001500000001000500015003000900020005001700029008004100046020001600087020001800103040003800121082002000159100002000179245007200199260004200271300004100313504005100354600002100405650004500426700002000471942001200491952011800503 c2887d28871532BD-DhUAP20210130161122.0200229s1998 bg abf b f000 0 eng  a1580930611  a9781580930611 aBD-DhUAPcBD-DhUAPdBD-DhUAPbEng a720.924 MEI223 aMeier, Richard. aRichard Meier architect /cRichard Meier ; edited by Lisa J. Green. aNew York : bMonacelli Press,cc1999. a304 pages :billustrations ;c30 cm. aIncludes bibliographical references and index. aMeier, Richard.  aMeier, Richard, -- 1934- -- Exhibitions. aGreen, Lisa J.  2ddccBK 00102ddc4070aUAPCLbUAPCLcGeneral Stacksd2020-02-29o720.924 MEIp3010001532r2020-02-29t1w2020-02-29yBK